000 00863nam a22002777a 4500
999 _c4416
_d4416
003 URS
005 20220117150912.0
008 180515s2003 ph ||||| |||| 00| 0 eng d
020 _a9714203856
040 _erda
_cURS
_beng
050 _aHF 5387
_b.Ar784 2003
100 _aArticulo, Archimedes C.
245 _aValues and work ethics /
_cArchimedes C. Articulo, Gloria G. Florendo.
264 1 _aMeycauayan, Bulacan :
_bTrinitas Publishing,
_c[2003]
264 1 _c©2003
300 _a330 pages ;
_c26 cm
336 _atext
_btxt
_2rdacontent
337 _aunmediated
_bn
_2rdamedia
338 _avolume
_bnc
_2rdacarrier
504 _aIncludes bibliographical references and index.
650 0 _aBusiness ethics.
650 0 _aBusiness enterprises -- Moral and ethical aspects.
650 0 _aValues.
700 _aFlorendo, Gloria G.
942 _2lcc
_cF